[Event "ODJM C 2023"]
[Site "Willingen GER"]
[Date "2023.06.01"]
[Round "7"]
[White "Lang, Samuel"]
[Black "Krömer, Antonius"]
[Result "1-0"]
[Termination "normal"]
[Board "21"]
[WhiteElo "1159"]
[BlackElo "1353"]
[WhiteClock "01:03:27"]
[BlackClock "01:06:27"]
[PlyCount "53"]
[WhiteFideId "34660526"]
[BlackFideId "34660518"]
[EventCountry "GER"]
[EventRounds "9"]
[EventType "swiss"]
[EventDate "2023.05.27"]

1. d4 {[%clk 01:30:58]} {[%emt 00:00:01]} f5 {[%clk 01:30:48]} {[%emt
00:00:13]} 2. c4 {[%clk 01:30:34]} {[%emt 00:00:54]} Nf6 {[%clk 01:31:08]}
{[%emt 00:00:09]} 3. Nc3 {[%clk 01:30:07]} {[%emt 00:00:58]} e6 {[%clk
01:30:18]} {[%emt 00:01:20]} 4. Nf3 {[%clk 01:30:15]} {[%emt 00:00:22]} Bb4
{[%clk 01:30:07]} {[%emt 00:00:41]} 5. Qc2 {[%clk 01:29:10]} {[%emt 00:01:35]}
O-O {[%clk 01:29:14]} {[%emt 00:01:22]} 6. a3 {[%clk 01:29:21]} {[%emt
00:00:19]} Bxc3+ {[%clk 01:29:29]} {[%emt 00:00:15]} 7. Qxc3 {[%clk 01:29:46]}
{[%emt 00:00:05]} b6 {[%clk 01:29:19]} {[%emt 00:00:40]} 8. Bf4 {[%clk
01:29:40]} {[%emt 00:00:36]} Bb7 {[%clk 01:27:58]} {[%emt 00:01:50]} 9. e3
{[%clk 01:29:26]} {[%emt 00:00:44]} d6 {[%clk 01:26:27]} {[%emt 00:02:02]} 10.
Be2 {[%clk 01:28:05]} {[%emt 00:01:51]} Ne4 {[%clk 01:26:05]} {[%emt 00:00:51]}
11. Qb3 {[%clk 01:28:01]} {[%emt 00:00:34]} Qe7 {[%clk 01:20:58]} {[%emt
00:05:36]} 12. h4 {[%clk 01:21:44]} {[%emt 00:06:48]} h6 {[%clk 01:20:03]}
{[%emt 00:01:24]} 13. Nd2 {[%clk 01:18:12]} {[%emt 00:04:03]} d5 {[%clk
01:16:36]} {[%emt 00:03:57]} 14. Nxe4 {[%clk 01:16:48]} {[%emt 00:01:54]} fxe4
{[%clk 01:15:18]} {[%emt 00:01:47]} 15. g4 {[%clk 01:06:43]} {[%emt 00:10:36]}
Qf7 {[%clk 01:10:15]} {[%emt 00:05:32]} 16. h5 {[%clk 01:05:03]} {[%emt
00:02:11]} c5 {[%clk 01:09:21]} {[%emt 00:01:24]} 17. dxc5 {[%clk 01:04:51]}
{[%emt 00:00:42]} bxc5 {[%clk 01:09:42]} {[%emt 00:00:08]} 18. g5 {[%clk
01:04:44]} {[%emt 00:00:39]} dxc4 {[%clk 01:09:38]} {[%emt 00:00:34]} 19. Bxc4
{[%clk 01:04:58]} {[%emt 00:00:16]} Bd5 {[%clk 01:09:49]} {[%emt 00:00:19]} 20.
gxh6 {[%clk 01:04:40]} {[%emt 00:00:47]} gxh6 {[%clk 01:10:07]} {[%emt
00:00:11]} 21. Rg1+ {[%clk 01:04:06]} {[%emt 00:01:05]} Kh7 {[%clk 01:10:25]}
{[%emt 00:00:12]} 22. Rg6 {[%clk 01:04:11]} {[%emt 00:00:25]} Nc6 {[%clk
01:06:58]} {[%emt 00:03:56]} 23. Rxh6+ {[%clk 01:03:13]} {[%emt 00:01:28]} Kg8
{[%clk 01:06:50]} {[%emt 00:00:39]} 24. Rg6+ {[%clk 01:03:07]} {[%emt
00:00:36]} Kh8 {[%clk 01:07:08]} {[%emt 00:00:12]} 25. Qc3+ {[%clk 01:03:17]}
{[%emt 00:00:20]} Kh7 {[%clk 01:06:16]} {[%emt 00:01:22]} 26. Rh6+ {[%clk
01:03:34]} {[%emt 00:00:12]} Kg8 {[%clk 01:06:27]} {[%emt 00:00:18]} 27. Qh8#
{[%clk 01:03:27]} {[%emt 00:00:07]} 1-0

[Event "ODJM C 2023"]
[Site "Willingen GER"]
[Date "2023.06.01"]
[Round "7"]
[White "Moissl, Felix"]
[Black "Neininger, Pascal"]
[Result "1/2-1/2"]
[Termination "normal"]
[Board "22"]
[WhiteElo "1390"]
[BlackElo "1156"]
[WhiteClock "00:49:31"]
[BlackClock "00:53:46"]
[PlyCount "46"]
[WhiteFideId "34623574"]
[BlackFideId "34640860"]
[EventCountry "GER"]
[EventRounds "9"]
[EventType "swiss"]
[EventDate "2023.05.27"]

1. e4 {[%clk 01:30:42]} {[%emt 00:00:18]} c5 {[%clk 01:30:54]} {[%emt
00:00:06]} 2. Nf3 {[%clk 01:31:09]} {[%emt 00:00:03]} Nc6 {[%clk 01:31:16]}
{[%emt 00:00:08]} 3. d4 {[%clk 01:31:33]} {[%emt 00:00:06]} cxd4 {[%clk
01:31:39]} {[%emt 00:00:07]} 4. Nxd4 {[%clk 01:31:56]} {[%emt 00:00:07]} e5
{[%clk 01:32:02]} {[%emt 00:00:06]} 5. Nf3 {[%clk 01:32:12]} {[%emt 00:00:15]}
Nf6 {[%clk 01:32:22]} {[%emt 00:00:10]} 6. Bd3 {[%clk 01:29:31]} {[%emt
00:03:11]} d5 {[%clk 01:31:50]} {[%emt 00:01:02]} 7. exd5 {[%clk 01:27:00]}
{[%emt 00:03:01]} Nxd5 {[%clk 01:31:02]} {[%emt 00:01:18]} 8. Be4 {[%clk
01:24:56]} {[%emt 00:02:34]} Be6 {[%clk 01:27:56]} {[%emt 00:03:36]} 9. O-O
{[%clk 01:23:43]} {[%emt 00:01:42]} Be7 {[%clk 01:24:57]} {[%emt 00:03:29]} 10.
c4 {[%clk 01:19:06]} {[%emt 00:05:08]} Nf6 {[%clk 01:23:02]} {[%emt 00:02:25]}
11. Bxc6+ {[%clk 01:17:50]} {[%emt 00:01:46]} bxc6 {[%clk 01:22:18]} {[%emt
00:01:14]} 12. Nxe5 {[%clk 01:15:46]} {[%emt 00:02:34]} Qc7 {[%clk 01:21:23]}
{[%emt 00:01:25]} 13. Qe2 {[%clk 01:13:07]} {[%emt 00:03:09]} Bd6 {[%clk
01:20:14]} {[%emt 00:01:38]} 14. Nf3 {[%clk 01:10:46]} {[%emt 00:02:51]} O-O
{[%clk 01:18:48]} {[%emt 00:01:57]} 15. Nbd2 {[%clk 01:04:15]} {[%emt
00:07:01]} Rfe8 {[%clk 01:16:50]} {[%emt 00:02:28]} 16. Qd3 {[%clk 01:00:34]}
{[%emt 00:04:12]} h6 {[%clk 01:09:57]} {[%emt 00:07:23]} 17. b3 {[%clk
00:58:25]} {[%emt 00:02:39]} Be5 {[%clk 01:06:48]} {[%emt 00:03:39]} 18. Nxe5
{[%clk 00:57:41]} {[%emt 00:01:14]} Qxe5 {[%clk 01:07:05]} {[%emt 00:00:13]}
19. Qb1 {[%clk 00:53:31]} {[%emt 00:04:40]} Bf5 {[%clk 00:57:57]} {[%emt
00:09:38]} 20. Qb2 {[%clk 00:53:23]} {[%emt 00:00:39]} Rad8 {[%clk 00:55:01]}
{[%emt 00:03:24]} 21. Qxe5 {[%clk 00:51:23]} {[%emt 00:02:30]} Rxe5 {[%clk
00:55:11]} {[%emt 00:00:21]} 22. Nf3 {[%clk 00:50:12]} {[%emt 00:01:41]} Re2
{[%clk 00:53:46]} {[%emt 00:01:54]} 23. Be3 {[%clk 00:49:31]} {[%emt 00:01:12]}
Rxe3 {[%emt 00:00:24]} 1/2-1/2

[Event "ODJM C 2023"]
[Site "Willingen GER"]
[Date "2023.06.01"]
[Round "7"]
[White "Hasselmann, Isabelle Sophia"]
[Black "Wissing, Lars"]
[Result "0-1"]
[Termination "normal"]
[Board "23"]
[WhiteElo "1110"]
[BlackElo "1128"]
[WhiteClock "00:28:43"]
[BlackClock "00:07:42"]
[PlyCount "60"]
[WhiteFideId "16266951"]
[BlackFideId "34660593"]
[EventCountry "GER"]
[EventRounds "9"]
[EventType "swiss"]
[EventDate "2023.05.27"]

1. e4 {[%clk 01:31:00]} {[%emt 19:19:32]} c6 {[%clk 01:30:55]} {[%emt
00:00:05]} 2. Nf3 {[%clk 01:31:24]} {[%emt 00:00:06]} d5 {[%clk 01:31:19]}
{[%emt 00:00:05]} 3. Nc3 {[%clk 01:31:52]} {[%emt 00:00:03]} Bg4 {[%clk
01:31:33]} {[%emt 00:00:15]} 4. Be2 {[%clk 01:32:13]} {[%emt 00:00:09]} e6
{[%clk 01:30:49]} {[%emt 00:01:14]} 5. O-O {[%clk 01:31:50]} {[%emt 00:00:54]}
Nf6 {[%clk 01:29:58]} {[%emt 00:01:20]} 6. d3 {[%clk 01:30:58]} {[%emt
00:01:23]} Nbd7 {[%clk 01:27:43]} {[%emt 00:02:44]} 7. h3 {[%clk 01:27:05]}
{[%emt 00:04:23]} Bxf3 {[%clk 01:25:38]} {[%emt 00:02:35]} 8. Bxf3 {[%clk
01:25:47]} {[%emt 00:01:49]} Bd6 {[%clk 01:23:20]} {[%emt 00:02:48]} 9. Bg5
{[%clk 01:24:19]} {[%emt 00:01:58]} h6 {[%clk 01:21:11]} {[%emt 00:02:38]} 10.
Bxf6 {[%clk 01:23:04]} {[%emt 00:01:45]} Nxf6 {[%clk 01:20:06]} {[%emt
00:01:35]} 11. Re1 {[%clk 01:23:07]} {[%emt 00:00:27]} Bb4 {[%clk 01:08:06]}
{[%emt 00:12:28]} 12. a3 {[%clk 01:19:02]} {[%emt 00:04:37]} Bxc3 {[%clk
01:03:31]} {[%emt 00:05:05]} 13. bxc3 {[%clk 01:19:28]} {[%emt 00:00:04]} O-O
{[%clk 01:03:24]} {[%emt 00:00:37]} 14. e5 {[%clk 01:18:51]} {[%emt 00:01:07]}
Nd7 {[%clk 01:03:28]} {[%emt 00:00:26]} 15. d4 {[%clk 01:17:54]} {[%emt
00:01:28]} Qa5 {[%emt 00:04:07]} 16. Re3 {[%clk 01:16:54]} Nb6 {[%clk
00:58:02]} {[%emt 00:03:48]} 17. Be2 {[%clk 01:15:20]} {[%emt 00:02:04]} Rac8
{[%clk 00:54:43]} {[%emt 00:03:48]} 18. Qc1 {[%clk 01:11:54]} {[%emt 00:03:57]}
Rc7 {[%clk 00:53:38]} {[%emt 00:01:35]} 19. Rg3 {[%clk 01:11:26]} {[%emt
00:00:59]} Kh8 {[%clk 00:48:28]} {[%emt 00:05:38]} 20. Qf4 {[%clk 01:09:41]}
{[%emt 00:02:16]} c5 {[%clk 00:35:36]} {[%emt 00:13:23]} 21. Bh5 {[%clk
00:53:47]} {[%emt 00:16:24]} cxd4 {[%clk 00:28:28]} {[%emt 00:07:38]} 22. cxd4
{[%clk 00:53:02]} {[%emt 00:01:15]} Rc3 {[%clk 00:24:54]} {[%emt 00:04:01]} 23.
f3 {[%clk 00:46:33]} {[%emt 00:07:02]} Rxc2 {[%clk 00:16:44]} {[%emt 00:08:38]}
24. Qg4 {[%clk 00:44:27]} {[%emt 00:02:37]} g5 {[%clk 00:14:41]} {[%emt
00:02:33]} 25. Bxf7 {[%clk 00:32:45]} {[%emt 00:12:12]} Rxf7 {[%clk 00:11:50]}
{[%emt 00:03:22]} 26. Qxe6 {[%clk 00:33:06]} {[%emt 00:00:09]} Kg7 {[%clk
00:12:10]} {[%emt 00:00:09]} 27. h4 {[%clk 00:32:32]} {[%emt 00:01:04]} Qd2
{[%clk 00:12:13]} {[%emt 00:00:25]} 28. Rg4 {[%clk 00:29:33]} {[%emt 00:03:31]}
Rxf3 {[%clk 00:08:02]} {[%emt 00:04:41]} 29. hxg5 {[%clk 00:28:24]} {[%emt
00:01:39]} Qe3+ {[%clk 00:07:58]} {[%emt 00:00:31]} 30. Kh2 {[%clk 00:28:43]}
{[%emt 00:00:14]} Rh3# {[%clk 00:07:42]} {[%emt 00:00:13]} 0-1

[Event "ODJM C 2023"]
[Site "Willingen GER"]
[Date "2023.06.01"]
[Round "7"]
[White "Classen, Miguel"]
[Black "Lohrmann, Flavia"]
[Result "1-0"]
[Termination "normal"]
[Board "24"]
[WhiteElo "1200"]
[BlackElo "1066"]
[WhiteClock "01:13:25"]
[BlackClock "00:00:39"]
[PlyCount "61"]
[WhiteFideId "34623825"]
[BlackFideId "12982865"]
[EventCountry "GER"]
[EventRounds "9"]
[EventType "swiss"]
[EventDate "2023.05.27"]

1. e4 {[%clk 01:30:59]} e5 {[%clk 01:30:54]} {[%emt 00:00:06]} 2. Nf3 {[%clk
01:31:26]} {[%emt 00:00:03]} Nc6 {[%clk 01:31:09]} {[%emt 00:00:14]} 3. Bb5
{[%clk 01:31:52]} {[%emt 00:00:05]} Nf6 {[%clk 01:30:54]} {[%emt 00:00:45]} 4.
O-O {[%clk 01:32:14]} {[%emt 00:00:08]} Nxe4 {[%clk 01:30:20]} {[%emt
00:01:04]} 5. Re1 {[%clk 01:32:38]} {[%emt 00:00:06]} d5 {[%clk 01:29:53]}
{[%emt 00:00:57]} 6. Nxe5 {[%clk 01:32:35]} {[%emt 00:00:32]} Bd6 {[%clk
01:29:43]} {[%emt 00:00:39]} 7. Nxc6 {[%clk 01:32:54]} {[%emt 00:00:12]} Bxh2+
{[%clk 01:28:00]} {[%emt 00:02:12]} 8. Kf1 {[%clk 01:29:20]} {[%emt 00:03:56]}
Qh4 {[%clk 01:26:46]} {[%emt 00:01:52]} 9. Qf3 {[%clk 01:28:27]} {[%emt
00:01:20]} O-O {[%clk 01:23:40]} {[%emt 00:03:40]} 10. d3 {[%clk 01:27:35]}
{[%emt 00:01:22]} Bg4 {[%clk 01:23:22]} {[%emt 00:00:47]} 11. Qe3 {[%clk
01:27:14]} {[%emt 00:00:49]} Bf4 {[%clk 01:23:32]} {[%emt 00:00:23]} 12. Ne7+
{[%clk 01:26:49]} {[%emt 00:00:55]} Kh8 {[%clk 01:23:43]} {[%emt 00:00:18]} 13.
f3 {[%clk 01:24:54]} {[%emt 00:02:25]} Qh1+ {[%emt 00:00:19]} 14. Qg1 {[%emt
00:01:24]} Ng3+ {[%clk 01:06:06]} {[%emt 00:16:25]} 15. Kf2 {[%clk 01:25:04]}
{[%emt 00:00:20]} Qh4 {[%clk 00:47:58]} {[%emt 00:18:37]} 16. Bxf4 {[%clk
01:21:15]} {[%emt 00:04:19]} Ne4+ {[%clk 00:34:09]} {[%emt 00:14:19]} 17. Kf1
{[%clk 01:20:23]} {[%emt 00:01:21]} Qf6 {[%clk 00:12:11]} {[%emt 00:22:27]} 18.
Nxd5 {[%clk 01:18:38]} {[%emt 00:02:15]} Ng3+ {[%clk 00:09:37]} {[%emt
00:03:04]} 19. Bxg3 {[%clk 01:14:32]} {[%emt 00:04:35]} Qf5 {[%clk 00:06:09]}
{[%emt 00:03:58]} 20. Bc4 {[%clk 01:13:08]} {[%emt 00:01:54]} c6 {[%clk
00:02:43]} {[%emt 00:03:56]} 21. Ne3 {[%clk 01:13:21]} {[%emt 00:00:16]} Qg5
{[%clk 00:01:38]} {[%emt 00:01:35]} 22. Nxg4 {[%clk 01:13:29]} {[%emt
00:00:23]} b5 {[%clk 00:01:33]} {[%emt 00:00:36]} 23. Bb3 {[%clk 01:13:10]}
{[%emt 00:00:48]} Rae8 {[%clk 00:00:59]} {[%emt 00:01:04]} 24. Nc3 {[%clk
01:13:23]} {[%emt 00:00:17]} b4 {[%clk 00:00:47]} {[%emt 00:00:43]} 25. Rxe8
{[%clk 01:13:36]} {[%emt 00:00:16]} Rxe8 {[%clk 00:01:14]} {[%emt 00:00:03]}
26. Ne4 {[%clk 01:12:57]} {[%emt 00:01:09]} Qg6 {[%clk 00:01:12]} {[%emt
00:00:32]} 27. Qxa7 {[%clk 01:12:33]} {[%emt 00:00:54]} f5 {[%clk 00:00:45]}
{[%emt 00:00:57]} 28. Bf7 {[%clk 01:12:49]} {[%emt 00:00:13]} fxg4 {[%emt
00:00:47]} 29. Bxg6 {[%clk 01:13:10]} {[%emt 00:00:05]} Rg8 {[%clk 00:00:38]}
{[%emt 00:00:25]} 30. Kf2 {[%clk 01:13:03]} {[%emt 00:00:37]} hxg6 {[%clk
00:00:39]} {[%emt 00:00:28]} 31. Rh1# {[%clk 01:13:25]} {[%emt 00:00:07]} 1-0

[Event "ODJM C 2023"]
[Site "Willingen GER"]
[Date "2023.06.01"]
[Round "7"]
[White "Carstens, Finja"]
[Black "Betz, Niclas"]
[Result "1-0"]
[Termination "normal"]
[Board "25"]
[WhiteElo "1478"]
[BlackElo "1043"]
[WhiteClock "00:47:55"]
[BlackClock "00:56:20"]
[PlyCount "65"]
[WhiteFideId "34617841"]
[BlackFideId "34616748"]
[EventCountry "GER"]
[EventRounds "9"]
[EventType "swiss"]
[EventDate "2023.05.27"]

1. d4 {[%clk 01:30:58]} {[%emt 00:00:01]} d5 {[%clk 01:30:54]} {[%emt
00:00:06]} 2. Nc3 {[%clk 01:31:22]} {[%emt 00:00:06]} Nf6 {[%clk 01:31:08]}
{[%emt 00:00:16]} 3. Bf4 {[%clk 01:31:45]} {[%emt 00:00:07]} e6 {[%clk
01:31:36]} {[%emt 00:00:03]} 4. e3 {[%clk 01:31:52]} {[%emt 00:00:23]} Bb4
{[%clk 01:31:58]} {[%emt 00:00:07]} 5. Bd3 {[%clk 01:31:42]} {[%emt 00:00:39]}
O-O {[%clk 01:31:44]} {[%emt 00:00:45]} 6. Nge2 {[%clk 01:30:58]} {[%emt
00:01:14]} b6 {[%clk 01:31:34]} {[%emt 00:00:41]} 7. O-O {[%clk 01:30:43]}
{[%emt 00:00:45]} Ba6 {[%clk 01:30:54]} {[%emt 00:01:10]} 8. a3 {[%clk
01:25:03]} {[%emt 00:06:09]} Bd6 {[%emt 00:00:25]} 9. Bxd6 {[%clk 01:24:18]}
{[%emt 00:01:04]} Bxd3 {[%clk 01:31:04]} {[%emt 00:00:36]} 10. Bxf8 {[%clk
01:24:01]} {[%emt 00:00:47]} Bxe2 {[%clk 01:31:17]} {[%emt 00:00:17]} 11. Nxe2
{[%clk 01:23:58]} {[%emt 00:00:32]} Kxf8 {[%clk 01:31:32]} {[%emt 00:00:15]}
12. Ng3 {[%clk 01:23:12]} {[%emt 00:01:16]} c5 {[%clk 01:31:40]} {[%emt
00:00:23]} 13. dxc5 {[%clk 01:23:19]} {[%emt 00:00:23]} bxc5 {[%clk 01:31:55]}
{[%emt 00:00:14]} 14. e4 {[%clk 01:22:52]} {[%emt 00:00:56]} Nc6 {[%clk
01:31:33]} {[%emt 00:00:53]} 15. exd5 {[%clk 01:22:04]} {[%emt 00:01:18]} Nxd5
{[%emt 00:01:24]} 16. Re1 {[%clk 01:18:09]} {[%emt 00:03:10]} Rb8 {[%clk
01:31:21]} {[%emt 00:01:03]} 17. b3 {[%clk 01:15:58]} {[%emt 00:02:41]} Qf6
{[%clk 01:21:33]} {[%emt 00:10:17]} 18. Ne4 {[%clk 01:12:38]} {[%emt 00:03:46]}
Qd4 {[%clk 01:19:48]} {[%emt 00:02:20]} 19. Ng5 {[%clk 01:04:56]} {[%emt
00:08:08]} h6 {[%clk 01:11:57]} {[%emt 00:08:24]} 20. Nf3 {[%clk 01:03:20]}
{[%emt 00:02:07]} Qxd1 {[%clk 01:11:43]} {[%emt 00:00:44]} 21. Raxd1 {[%clk
01:00:41]} Rd8 {[%clk 01:09:30]} {[%emt 00:05:51]} 22. Ne5 {[%clk 00:58:35]}
{[%emt 00:02:34]} Nxe5 {[%clk 01:09:27]} {[%emt 00:00:35]} 23. Rxe5 {[%clk
00:58:27]} {[%emt 00:00:39]} Ke7 {[%clk 01:09:03]} {[%emt 00:00:54]} 24. c4
{[%clk 00:57:50]} {[%emt 00:01:06]} f6 {[%clk 01:08:02]} {[%emt 00:01:31]} 25.
Ree1 {[%clk 00:57:33]} {[%emt 00:00:47]} Nc7 {[%clk 01:07:55]} {[%emt
00:00:38]} 26. Rxd8 {[%clk 00:57:35]} {[%emt 00:00:28]} Kxd8 {[%clk 01:07:41]}
{[%emt 00:00:44]} 27. f3 {[%clk 00:55:34]} {[%emt 00:02:31]} Kd7 {[%clk
01:07:33]} {[%emt 00:00:38]} 28. Kf2 {[%clk 00:55:16]} {[%emt 00:00:48]} e5
{[%clk 01:05:59]} {[%emt 00:02:04]} 29. g4 {[%clk 00:53:33]} {[%emt 00:02:13]}
a5 {[%clk 01:03:30]} {[%emt 00:03:00]} 30. Rb1 {[%clk 00:48:59]} {[%emt
00:05:02]} Na6 {[%clk 00:59:03]} {[%emt 00:04:58]} 31. Ke3 {[%clk 00:48:29]}
{[%emt 00:00:58]} Ke6 {[%emt 00:03:34]} 32. Ke4 {[%clk 00:48:14]} {[%emt
00:00:43]} g5 {[%clk 00:56:20]} {[%emt 00:00:13]} 33. Rh1 {[%clk 00:47:55]}
{[%emt 00:00:48]} 1-0

[Event "ODJM C 2023"]
[Site "Willingen GER"]
[Date "2023.06.01"]
[Round "7"]
[White "Fize, Aleksandrs"]
[Black "Aslanov, Kamran"]
[Result "1-0"]
[Termination "normal"]
[Board "26"]
[WhiteElo "1154"]
[BlackElo "905"]
[WhiteClock "01:24:09"]
[BlackClock "00:21:29"]
[PlyCount "85"]
[WhiteFideId "34623779"]
[BlackFideId "34660402"]
[EventCountry "GER"]
[EventRounds "9"]
[EventType "swiss"]
[EventDate "2023.05.27"]

1. d4 {[%clk 01:30:58]} {[%emt 00:00:01]} d5 {[%clk 01:30:29]} {[%emt
00:00:32]} 2. Nc3 {[%clk 01:31:23]} {[%emt 00:00:05]} Nf6 {[%clk 01:29:54]}
{[%emt 00:01:04]} 3. Bf4 {[%clk 01:31:16]} {[%emt 00:00:38]} Bd7 {[%clk
01:29:06]} {[%emt 00:01:17]} 4. e3 {[%clk 01:31:25]} {[%emt 00:00:22]} a6
{[%clk 01:28:29]} {[%emt 00:01:07]} 5. Nf3 {[%clk 01:31:42]} {[%emt 00:00:12]}
Nc6 {[%clk 01:25:10]} {[%emt 00:03:49]} 6. Bd3 {[%clk 01:29:44]} {[%emt
00:02:29]} e6 {[%clk 01:23:42]} {[%emt 00:01:57]} 7. a3 {[%clk 01:28:57]}
{[%emt 00:01:18]} g6 {[%clk 01:20:48]} {[%emt 00:03:22]} 8. e4 {[%clk
01:28:24]} {[%emt 00:01:05]} Bg7 {[%clk 01:18:58]} {[%emt 00:02:19]} 9. e5
{[%clk 01:28:02]} {[%emt 00:00:53]} Ng8 {[%clk 01:18:40]} {[%emt 00:00:48]} 10.
Qd2 {[%clk 01:28:08]} {[%emt 00:00:25]} Nge7 {[%clk 01:17:55]} {[%emt
00:01:14]} 11. O-O-O {[%clk 01:28:14]} {[%emt 00:00:25]} Qb8 {[%clk 01:15:44]}
{[%emt 00:02:41]} 12. Bh6 {[%clk 01:27:49]} {[%emt 00:00:54]} Bxh6 {[%clk
01:13:03]} {[%emt 00:03:10]} 13. Qxh6 {[%clk 01:27:04]} {[%emt 00:01:16]} Qa7
{[%clk 01:11:21]} {[%emt 00:02:09]} 14. Qg7 {[%clk 01:26:25]} {[%emt 00:01:12]}
O-O-O {[%clk 01:10:42]} {[%emt 00:01:09]} 15. Qf6 {[%clk 01:24:38]} {[%emt
00:02:17]} Rdf8 {[%clk 01:04:11]} {[%emt 00:07:01]} 16. Rhe1 {[%clk 01:23:25]}
{[%emt 00:01:43]} Kb8 {[%clk 00:33:06]} {[%emt 00:31:35]} 17. Ng5 {[%clk
01:21:06]} {[%emt 00:02:49]} Be8 {[%clk 00:31:49]} {[%emt 00:01:46]} 18. Kb1
{[%clk 01:19:17]} {[%emt 00:02:19]} Qxd4 {[%clk 00:29:20]} {[%emt 00:02:59]}
19. Bxg6 {[%clk 01:19:35]} {[%emt 00:00:12]} Qh4 {[%clk 00:28:03]} {[%emt
00:01:47]} 20. Bxf7 {[%clk 01:19:03]} {[%emt 00:01:03]} Rxf7 {[%clk 00:27:15]}
{[%emt 00:01:16]} 21. Qxh8 {[%clk 01:19:02]} {[%emt 00:00:32]} Rf8 {[%clk
00:23:42]} {[%emt 00:04:03]} 22. Qxf8 {[%clk 01:19:10]} {[%emt 00:00:22]} Qxg5
{[%clk 00:23:51]} {[%emt 00:00:21]} 23. Qxe8+ {[%clk 01:19:28]} {[%emt
00:00:12]} Ka7 {[%clk 00:24:02]} {[%emt 00:00:16]} 24. g3 {[%clk 01:19:40]}
{[%emt 00:00:21]} d4 {[%clk 00:24:06]} {[%emt 00:00:26]} 25. Ne4 {[%clk
01:19:57]} {[%emt 00:00:13]} Qxe5 {[%clk 00:23:18]} {[%emt 00:01:18]} 26. f4
{[%clk 01:20:15]} {[%emt 00:00:12]} Qb5 {[%clk 00:22:49]} {[%emt 00:00:58]} 27.
Nf6 {[%clk 01:20:11]} {[%emt 00:00:35]} Na5 {[%clk 00:22:39]} {[%emt 00:00:40]}
28. Qxe7 {[%clk 01:20:22]} {[%emt 00:00:18]} Nc4 {[%clk 00:22:38]} {[%emt
00:00:31]} 29. Qb4 {[%clk 01:20:33]} {[%emt 00:00:18]} Qxb4 {[%clk 00:22:14]}
{[%emt 00:00:54]} 30. axb4 {[%clk 01:20:58]} {[%emt 00:00:06]} Ne3 {[%emt
00:00:19]} 31. Rxd4 {[%emt 00:00:14]} c5 {[%clk 00:21:09]} {[%emt 00:00:58]}
32. bxc5 {[%clk 01:21:10]} {[%emt 00:00:22]} h5 {[%clk 00:21:14]} {[%emt
00:00:22]} 33. Rxe3 {[%clk 01:21:34]} {[%emt 00:00:10]} h4 {[%emt 00:00:32]}
34. Rxe6 {[%emt 00:00:05]} hxg3 {[%clk 00:20:49]} {[%emt 00:00:18]} 35. hxg3
{[%clk 01:21:59]} {[%emt 00:00:05]} a5 {[%clk 00:21:09]} {[%emt 00:00:10]} 36.
Rb6 {[%clk 01:22:15]} {[%emt 00:00:15]} a4 {[%clk 00:21:15]} {[%emt 00:00:24]}
37. Rxa4+ {[%clk 01:22:27]} {[%emt 00:00:18]} Kb8 {[%clk 00:21:31]} {[%emt
00:00:14]} 38. Nd7+ {[%clk 01:22:41]} {[%emt 00:00:16]} Kc8 {[%clk 00:21:24]}
{[%emt 00:00:36]} 39. Ra7 {[%clk 01:22:58]} {[%emt 00:00:13]} Kc7 {[%clk
00:21:10]} {[%emt 00:00:44]} 40. Raxb7+ {[%clk 01:23:14]} {[%emt 00:00:14]} Kd8
{[%clk 00:21:13]} {[%emt 00:00:26]} 41. Ne5 {[%clk 01:23:21]} {[%emt 00:00:23]}
Kc8 {[%clk 00:21:32]} {[%emt 00:00:11]} 42. Rh7 {[%clk 01:23:42]} {[%emt
00:00:09]} Kd8 {[%clk 00:21:29]} {[%emt 00:00:33]} 43. Rb8# {[%clk 01:24:09]}
{[%emt 00:00:04]} 1-0